El lugar de los pobres: espacio, representaciones sociales y estigmas en la ciudad de México /
En este documento se busca explorar, a partir de la consulta a residentes en una localidad periférica de la ciudad de México, sobre cómo concibe la sociedad a los pobres y la pobreza y cómo se relaciona con ellos.
Gorde:
| Egile nagusia: | |
|---|---|
| Formatua: | Texto |
| Gaiak: | |
| Etiketak: |
Etiketa erantsi
Etiketarik gabe, Izan zaitez lehena erregistro honi etiketa jartzen!
|
MARC
| LEADER | 00000 a a2200000 04500 | ||
|---|---|---|---|
| 001 | 43607 | ||
| 003 | |||
| 040 | |||
| 100 | |a Bayón, María Cristina | ||
| 245 | |a El lugar de los pobres: |b espacio, representaciones sociales y estigmas en la ciudad de México / |c María Cristina Bayón | ||
| 520 | |a En este documento se busca explorar, a partir de la consulta a residentes en una localidad periférica de la ciudad de México, sobre cómo concibe la sociedad a los pobres y la pobreza y cómo se relaciona con ellos. | ||
| 590 | |a SJB/AGOSTO2012 | ||
| 650 | |a 1.ESTRATIFICACION SOCIAL | ||
| 650 | |a 2.ESTEREOTIPOS | ||
| 650 | |a 3.REPRESENTACION SOCIAL | ||
| 650 | |a 4.DESIGUALDAD SOCIAL | ||
| 650 | |a 5.POBREZA | ||
| 650 | |a 6.MEXICO | ||
| 773 | |g volumen74, número1 ( , 2012), páginas 133-166 : tablas | ||
| 999 | |c 27564 |d 27564 | ||
